T. G. Masaryk - mezinárodník
Vstup T.G. Masaryka do medzinárodnej politiky. Masaryk ako prezident Československa. Prístupy T.G. Masaryka k hľadaniu ciest k jednotnej Európe.
Enregistré dans:
| Auteur principal: | |
|---|---|
| Format: | Chapitre de livre |
| Langue: | tchèque |
| Sujets: | |
| Tags: |
Pas de tags, Soyez le premier à ajouter un tag!
|
MARC
| LEADER | 00000naa a2200000 4500 | ||
|---|---|---|---|
| 001 | r037582 | ||
| 005 | 20230927120632.0 | ||
| 041 | 0 | |a cze | |
| 044 | |a CZ | ||
| 245 | 1 | 0 | |a T. G. Masaryk - mezinárodník |c Alexandr Ort |
| 520 | |a Vstup T.G. Masaryka do medzinárodnej politiky. Masaryk ako prezident Československa. Prístupy T.G. Masaryka k hľadaniu ciest k jednotnej Európe. | ||
| 610 | 2 | 0 | |a vývoj spoločenský |
| 610 | 2 | 0 | |a vzťahy hospodárske medzinárodné |
| 610 | 2 | 0 | |a politika zahraničná |
| 610 | 2 | 0 | |a diplomacia |
| 610 | 2 | 0 | |a politika |
| 610 | 2 | 0 | |a Masaryk, T.G. |
| 100 | 1 | |a Ort, Alexandr | |